Guess the Hamilton Song #21 - Statistics

General Stats
  • This quiz has been taken 1,093 times
  • The average score is 263 of 500
Answer Stats
Lyric % Correct
I
98%
a
96%
A
96%
the
91%
"Yo,
90%
he
88%
An
87%
Ha!
87%
you
86%
you,
86%
and
82%
And
82%
in
81%
to
79%
do,
78%
do
78%
do?"
78%
me
77%
me?
77%
me,
77%
helpless
75%
helpless,
75%
(Helpless)
75%
Helpless
75%
(helpless)
75%
I'm
75%
"I'm
75%
We
75%
we
75%
your
75%
my
73%
My
73%
"Be
70%
on
69%
eye
68%
for
65%
Look
65%
look
65%
(Look
65%
eyes
61%
eyes,
61%
sister
61%
Where
60%
she
59%
She
59%
have
58%
at
57%
into
56%
so
56%
got
55%
limit
55%
limit)
55%
sky's
55%
room
54%
room,
54%
Boy,
53%
boy
53%
Then
53%
then
53%
by
52%
Oh,
52%
oh
52%
One
52%
is
51%
am
50%
as
50%
it
50%
of
49%
were
49%
"We're
49%
night
48%
her
46%
this
46%
never
44%
try
44%
Eliza,
43%
mine"
43%
mine)
43%
mine
43%
Ooh,
43%
ooh,
43%
(Ooh)
43%
"Boom!"
42%
Down
42%
(Down
42%
heart
42%
If
42%
if
42%
been
41%
grab
40%
Grab
40%
went,
40%
drownin'
39%
are
38%
count
38%
Hey,
38%
hot
37%
Laughin'
37%
not
37%
spotlight
37%
that
37%
(that
37%
That
37%
rebels
36%
walked
36%
every
35%
type
35%
him
34%
with
34%
across
33%
one's
33%
you're
33%
way
32%
dazzling
31%
'em
31%
'em)
31%
some
31%
ballroom
30%
from
30%
his
30%
she's
30%
side
30%
catch
29%
top-
29%
Tryin'
29%
tryin'
29%
dine
28%
know
28%
revel
28%
wine
28%
whisper,
27%
back
26%
thinkin',
26%
through"
26%
dancin'
25%
father
25%
band's
24%
gonna
24%
those
24%
volume
24%
letter
22%
nervous
22%
Two
22%
week
22%
all
21%
All
21%
don't
21%
it's
21%
"What's
21%
Everybody's
20%
just
20%
later,
20%
later
20%
life
20%
suddenly
20%
thinking,
20%
would
20%
makes
19%
will
19%
made
18%
rhythm
18%
us
18%
arm,
17%
name
17%
Schuyler,
17%
Schuyler?
17%
share
17%
(yeah)
17%
But
16%
grabs
16%
Grind
16%
war
16%
write
16%
can't
15%
'cause
15%
'Cause
15%
Now
15%
sayin',
15%
dollar
14%
loved
14%
really
14%
harem
13%
I'll
13%
meet
13%
meet,
13%
nightly
13%
weeks
13%
writin'
13%
form
12%
hand
12%
taking
12%
wants
12%
about
11%
better
11%
blessin'
11%
change
11%
stressin'
11%
takes
11%
true"
11%
acre
10%
drowin'
10%
gets
10%
land,
10%
lead
10%
living
10%
out
10%
asking
9%
command,
9%
Elizabeth
9%
means,
9%
mind
9%
nothing
9%
there's
9%
brain
8%
pleasure
8%
says,
8%
shakes
8%
stone-
8%
troop
8%
worth
8%
cry
7%
faced
7%
fame
7%
fighting
7%
turn
7%
college
6%
Insane,
6%
pain
6%
while
6%
couple
5%
credits
5%
dollop
5%
family
5%
honor,
5%
inside
5%
panic
5%
service
5%
smiling,
5%
tolerance
5%
top-notch
5%
brings
4%
different
4%
dying
4%
have's
4%
second,
4%
Thank
4%
up
4%
father's
3%
leave
3%
(Hoo)
1%
No matching quizzes found
Score Distribution
Percent of People with Each Score
Percentile by Number Answered
Your Score History
You have not taken this quiz